Scenes from postmodern life = Escenas de la vida posmoderna /
Guardado en:
| 主要作者: | |
|---|---|
| 格式: | 未知 |
| 語言: | English |
| 出版: |
Minneapolis :
University of Minnesota Press,
c2001.
|
| 主題: | |
| 標簽: |
添加標簽
沒有標簽, 成為第一個標記此記錄!
|
MARC
| LEADER | 000000000a22000000004500 | ||
|---|---|---|---|
| 001 | 015278 | ||
| 020 | |a 0816630089 | ||
| 041 | 0 | |a eng | |
| 082 | 0 | 4 | |a 982.035 |b S245s |
| 100 | 1 | |a Sarlo, Beatriz | |
| 245 | 1 | 0 | |a Scenes from postmodern life = |b Escenas de la vida posmoderna / |c Beatriz Sarlo. |
| 246 | 3 | 1 | |a Escenas de la vida posmoderna |
| 260 | 1 | |a Minneapolis : |b University of Minnesota Press, |c c2001. | |
| 300 | |a xix, 170 páginas ; |c 23 cm. | ||
| 650 | 4 | |a ARTE | |
| 650 | 4 | |a ARGENTINA | |
| 650 | 4 | |a RADIOFUSION TELEVISIVA | |
| 650 | 4 | |a ASPECTOS SOCIALES | |
| 650 | 4 | |a INTELECTUALES | |
| 650 | 4 | |a CIVILIZACION | |
| 650 | 4 | |a 1955 | |
| 500 | |a Colección George Yúdice | ||
| 999 | |c 21135 |d 21135 | ||
| 942 | |c BK |h 982.035 S245s |2 z | ||



